000 00332nam a22001577a 4500
020 _a81-8204-040-X
082 _a651.3
_bSIN
100 _aSINGH, RK
245 _aATITHI DEVO BHAVAH
250 _a1ST
260 _aDELHI
_bAMAN
_c2007
300 _a282
650 _aGUEST MANAGEMENT
653 _aATITHI, GUEST
942 _2ddc
_cBK
999 _c8041
_d8041